000 00310nam a22001217a 4500
008 180424b xxu||||| |||| 00| 0 eng d
041 _aeng
080 _a043.3
100 _a0
101 _aMBE-MTH
245 _aNdikimi i reputacionit të OJQ-ve në Vendimmarjen e donatorëve
_cMaqastena,N
942 _2udc
_cBK
999 _c45454
_d45454